Nuestra Cm̀ara de Diputados

Bibliographic Details
Format: eBook
Language:Spanish
Published: Ciudad de Mx̌ico: Cm̀ara de Diputados, 2016
Subjects:
Online Access:Acceso restringido

MARC

LEADER 00000nam a22000007a 4500
005 20170929162620.0
007 cr|||| ||u|
008 170929s2016 mx |||||s||||o00||0 spa d
020 |a 978-607-401-966-7 
035 |a 20636 
040 |a vLex 
090 |c 7030  |d 7030 
245 0 0 |a Nuestra Cm̀ara de Diputados  |h [Recurso electrn̤ico] 
256 |a Servicio en ln̕ea 
260 |a Ciudad de Mx̌ico:  |b Cm̀ara de Diputados,  |c 2016 
300 |a 1 recurso electrn̤ico 
506 1 |a Disponible solo en los productos indicados  |d vLex Global  |d vLex Global (Academic Edition, excluding Law Schools)  |d vLex Global (U.S. Academic Edition, Law Schools)  |d vLex Global (U.S. Academic Edition, excluding Law Schools)  |d vLex Global (Academic Edition, Law Schools) 
650 |a Derecho civil  |z Mx̌ico 
650 |a Derecho constitucional  |z Mx̌ico 
740 0 |a vLex Libros 
856 4 0 |u http://vlex.com/source/nuestra-camara-de-diputados-20636  |z Acceso restringido 
942 |c BOOK 
999 0 |a Civil law 
999 0 |a Constitutional law